Arthur Miller: Death of a Salesman ; text and criticism /

Đã lưu trong:
書目詳細資料
主要作者: Weales, Gerald.
格式: Sách giấy
語言:English
出版: New York : Viking Press, 1967.
標簽: 添加標簽
沒有標簽, 成為第一個標記此記錄!
Thư viện lưu trữ: Thư viện Trường Đại học Đà Lạt
LEADER 00657nam a2200277 4500
001 DLU100109403
005 ##20100625
040 # # |a DLU  |b vie 
041 # # |a eng 
044 # # |a us 
082 # # |a 812  |b MI-A 
100 # # |a Weales, Gerald. 
245 # # |a Arthur Miller: Death of a Salesman ;  |b text and criticism /  |c edited by Gerald Weales. 
260 # # |a New York :  |b Viking Press,  |c 1967. 
300 # # |a xxii, 426 p. ;  |c 20 cm. 
923 # # |a 100/2010 
992 # # |a 0 
994 # # |a DLU 
900 # # |a False 
911 # # |a Lý Thị Hồng Hạnh 
925 # # |a G 
926 # # |a A 
927 # # |a SH 
980 # # |a Thư viện Trường Đại học Đà Lạt